000 00870nas a2200277 4500
001 BR2013005200
003 BR-BrBNA
005 20231205122554.0
007 ta
008 230509b bl.|||p| |||| 00| 00por d
040 _aBR-BrBNA
_bpor
_cBiblioteca Nacional de Agricultura
041 _a(Pt)
072 _aL40
100 1 _aRomão, M.F.
100 1 _aSantos, A.L.Q.
100 1 _aLima, F.C.
245 1 _aAnatomia descritiva aplicada à cinesiologia e biomecânica básica dos músculos da cintura peitoral, estilopódio e zeugopódio do jacaré do papo amarelo
650 _aJACARÉ
650 _aANATOMIA
650 _aMUSCULO
650 _aCOMPORTAMENTO
650 _aPOSTURA
773 0 _tCiência Rural (Brazil)
_xISSN 0103-8478
_g(Apr 2013), v. 43(4) p. 631-638
_wBR2013005200
909 _a202311
_bLúcia
_c55
_dLúcia Elande
942 _2AGRIS
_n0
_cANA
999 _c229352
_d229352